Tiếng Anh 9

Sách giáo viên môn tiếng Anh Lớp 9 giới thiệu những quan điểm phương pháp, hướng dẫn giảng dạy chung và gợi ý các thủ thuật lên lớp, cung cấp những kiến thức nền về ngôn ngữ, văn hóa có liên quan đến nội dung bài học, cung cấp hoặc go...

Descrición completa

Gardado en:
Detalles Bibliográficos
Autor Principal: Nguyễn, Văn Lợi
Formato: Libro
Idioma:Undetermined
Publicado: Hà Nội Giáo dục Việt Nam 2010
Những chủ đề:
Các nhãn: Engadir etiqueta
Sen Etiquetas, Sexa o primeiro en etiquetar este rexistro!
Thư viện lưu trữ: Trung tâm Học liệu Trường Đại học Cần Thơ
LEADER 01114nam a2200217Ia 4500
001 CTU_159521
008 210402s9999 xx 000 0 und d
020 |c 5500 
082 |a 428.0712 
082 |b L462/L.9 
100 |a Nguyễn, Văn Lợi 
245 0 |a Tiếng Anh 9 
245 0 |c Nguyễn Văn Lợi (Tổng chủ biên), Nguyễn Hạnh Dung (Chủ biên) 
260 |a Hà Nội 
260 |b Giáo dục Việt Nam 
260 |c 2010 
520 |a Sách giáo viên môn tiếng Anh Lớp 9 giới thiệu những quan điểm phương pháp, hướng dẫn giảng dạy chung và gợi ý các thủ thuật lên lớp, cung cấp những kiến thức nền về ngôn ngữ, văn hóa có liên quan đến nội dung bài học, cung cấp hoặc gợi ý đáp án các bài tập và nội dung các nghe trong băng ghi âm. 
650 |a English language 
650 |x Study and teaching (Secondary) 
904 |i Bạch Trúc 
980 |a Trung tâm Học liệu Trường Đại học Cần Thơ